000 002450000a22000970004500
100 1 _aWilliams, Harry W.
245 1 0 _aMy pilgrimage in mission
300 _aVol. 25, Núm 2 (2001), Páginas 80-84
773 0 _tInternational Bulletin
942 _cANA
999 _c57257
_d57257